| 000 | 01697nam a22004577a 4500 | ||
|---|---|---|---|
| 001 | 000096443 | ||
| 003 | CHAP | ||
| 005 | 20220329143156.0 | ||
| 008 | 061023d2006 mx r 00110 spa d | ||
| 010 | _a92909 | ||
| 011 | _a93881 | ||
| 035 | _a104463 | ||
| 040 | _cCHAP | ||
| 090 | _aTesis | ||
| 100 | 1 |
_aChi Bacab, Juan de la Crus. _922204 |
|
| 245 | 1 | 0 |
_aEfecto de tratamientos pregerminativos en la germinación de semillas de Lopezia racemosa Cav. / _c/por Juan de la Crus Chi Bacab. |
| 260 |
_aChapingo, Méx. : _bEl autor, _c2006. |
||
| 300 |
_a31 h. : _bgráfs.; cuadros. |
||
| 502 | _aTesis (Ing. Agr. Esp. en Parasitología Agrícola) - - UACH. Departamento de Parasitología Agrícola | ||
| 590 |
_aALEPH _b10 _c20130110 _lUCH01 _h1514 |
||
| 590 |
_aBATCH-UPD _b10 _c20130110 _lUCH01 _h0424 |
||
| 590 |
_aBATCH-UPD _b10 _c20130110 _lUCH01 _h2310 |
||
| 590 |
_aBATCH-UPD _b10 _c20130410 _lUCH01 _h0059 |
||
| 590 |
_aBATCH-UPD _b10 _c20130914 _lUCH01 _h0920 |
||
| 590 |
_aBATCH-UPD _b10 _c20140324 _lUCH01 _h1459 |
||
| 590 |
_aBATCH-UPD _b10 _c20141002 _lUCH01 _h0831 |
||
| 590 |
_aBATCH _b00 _c20181121 _lUCH01 _h0759 |
||
| 590 |
_aCONVERSION _b10 _c20130109 _lUCH01 _h1351 |
||
| 590 |
_aE11695DGD _b10 _c20130530 _lUCH01 _h1246 |
||
| 650 | 1 | 4 |
_aEscarificación. _937470 |
| 650 | 1 | 4 |
_aLopezia racemosa. _968501 |
| 650 | 1 | 4 |
_aSemillas _xEfecto del medio ambiente. _9103897 |
| 856 |
_3Finding aid _uhttp://10.13.5.2/tesis/104463.pdf _zTeclea aquí |
||
| 856 |
_a1 _n0001594 |
||
| 901 | _aBK | ||
| 905 | _aElisama A. H. | ||
| 942 | _cCD | ||
| 942 | _n0 | ||
| 949 |
_aTesis _bBC _cTES _d00000000104463 _eTS1 _h45829 _i104463 _sb |
||
| 949 |
_aTesis _bBC _cTES _d33724000996278 _eTS2 _fc.2 _h45830 _i104463 _sb |
||
| 999 |
_c92909 _d92909 |
||